Es un atropello histórico: entrevista /

Kaydedildi:
Detaylı Bibliyografya
Yazar: Villanueva, Armando
Materyal Türü: Metin
Konular:
Etiketler: Etiketle
Etiket eklenmemiş, İlk siz ekleyin!

MARC

LEADER 00000 a a2200000 04500
001 18257
003
040
100 |a Villanueva, Armando  
245 |a Es un atropello histórico:   |b entrevista /  |c Armando Villanueva 
650 |a GUERRA  
773 |g número 95; páginas 120  
999 |c 33563  |d 33563